Reference atlas

Bibliographic Details
Other Authors: Rockwood, Camilla
Format: Book
Published: London : Chambers Harrap Publishers , 2005
Subjects:

MARC

LEADER 00000cam a2200000 7i4500
001 0000017616
005 20080528.0
008 280508
020 |a 0550101632 
090 0 0 |a 912.014   |b REF 
245 1 0 |a Reference atlas   |c Editor by Camilla Rockwood 
260 |a London :   |b Chambers Harrap Publishers ,   |c 2005 
650 0 |a Atlases, British 
700 1 |a Rockwood, Camilla 
999 |a 0001017282   |b Book   |c Adult Collection   |e Cawangan Urban Transformation Centre 
999 |a 0001021939   |b Book   |c Adult Collection   |e Perbadanan Perpustakaan Awam Johor